مكتبة جامعة عجلون الوطنية

فهرس بحث المكتبة

Normal view MARC view
  • عتلم ، شريف ، غازي ، خالد

Entry Personal Name

Number of records used in: 1

001 - CONTROL NUMBER

  • control field: 40868

003 - CONTROL NUMBER IDENTIFIER

  • control field: JO-AjAnu

005 - DATE AND TIME OF LATEST TRANSACTION

  • control field: 20230606080804.0

008 - FIXED-LENGTH DATA ELEMENTS

  • fixed length control field: 230606|| aca||aabn | a|a d

040 ## - CATALOGING SOURCE

  • Original cataloging agency: JO-AjAnu
  • Transcribing agency: JO-AjAnu

100 ## - HEADING--PERSONAL NAME

  • Personal name: عتلم ، شريف ، غازي ، خالد

670 ## - SOURCE DATA FOUND

  • Source citation: Work cat.: (JO-AjAnu)20946: عتلم ، شريف ، غازي ، خالد , author, دليل تدريب القضاة على أحكام القانون الدولي الإنساني